Detalles MARC
| 000 -LEADER |
| fixed length control field |
01862nam a2200301 a 4500 |
| 001 - CONTROL NUMBER |
| control field |
000016698 |
| 003 - CONTROL NUMBER IDENTIFIER |
| control field |
DO-SdBNP |
| 005 - DATE AND TIME OF LATEST TRANSACTION |
| control field |
20231120123413.0 |
| 007 - PHYSICAL DESCRIPTION FIXED FIELD--GENERAL INFORMATION |
| fixed length control field |
ta |
| 008 - FIXED-LENGTH DATA ELEMENTS--GENERAL INFORMATION |
| fixed length control field |
100309s1974 dr 000 0 spa d |
| 040 ## - CATALOGING SOURCE |
| Original cataloging agency |
DO-SdBNP |
| Language of cataloging |
spa |
| Transcribing agency |
BPMSU |
| 082 #4 - DEWEY DECIMAL CLASSIFICATION NUMBER |
| Classification number |
465 |
| Item number |
B171a 1974 |
| Edition number |
22 |
| 100 1# - MAIN ENTRY--PERSONAL NAME |
| Personal name |
Balaguer, Joaquín, |
| Dates associated with a name |
1906-2002 |
| 9 (RLIN) |
2 |
| 100 z# - MAIN ENTRY--PERSONAL NAME |
| Personal name |
Balaguer y Ricardo, Joaquín, |
| Dates associated with a name |
1906-2002 |
| 100 z# - MAIN ENTRY--PERSONAL NAME |
| Personal name |
Balaguer Ricardo, Joaquín, |
| Dates associated with a name |
1906-2002 |
| 100 z# - MAIN ENTRY--PERSONAL NAME |
| Personal name |
Ricardo, Joaquín Balaguer y, |
| Dates associated with a name |
1906-2002 |
| 245 10 - TITLE STATEMENT |
| Title |
Apuntes para una historia prosódica de la métrica castellana / |
| Statement of responsibility, etc. |
Joaquín Balaguer. |
| 260 ## - PUBLICATION, DISTRIBUTION, ETC. (IMPRINT) |
| Place of publication, distribution, etc. |
Santo Domingo : |
| Name of publisher, distributor, etc. |
Talleres Fuentes Impresores, |
| Date of publication, distribution, etc. |
1974 |
| 300 ## - PHYSICAL DESCRIPTION |
| Extent |
269 p. ; |
| Dimensions |
24 cm. |
| 500 ## - GENERAL NOTE |
| General note |
Incluye datos biográficos del autor en las solapas de las cubierta. |
| 504 ## - BIBLIOGRAPHY, ETC. NOTE |
| Bibliography, etc |
Incluye referencias bibliográficas y notas al pie de las páginas. |
| 505 0# - FORMATTED CONTENTS NOTE |
| Formatted contents note |
Prefacio. |
| Title |
Las ideas de Nebrija acerca de la versificación castellana.-- |
| -- |
La verdadera teoría de verso de arte mayor.-- |
| -- |
La doctrina de Andrés Bello.-- |
| -- |
La teoría de Hansen.-- |
| -- |
Teoría de Morel Fatio.-- |
| -- |
La teoría de Foulché Delbosc.-- |
| -- |
Carácter indígena del arte mayor.-- |
| Miscellaneous information |
I (109). -II (123). III (132). |
| Title |
Evolución del verso de arte mayor.-- |
| -- |
Del arte de Juan de Mena al de Rubén Darío.-- |
| -- |
El endecasílabo de arte mayor y el endecasílabo italiano.-- |
| -- |
Palabras con dos acentos rítmicos.-- |
| -- |
La acentuación de los monosílabos en la versificación castellana. |
| Miscellaneous information |
I (205).-II (216). |
| Title |
La dislocación del acento en el verso castellano.-- |
| -- |
En torno a un pretendido vicio prosódico de los poetas hispanos americanos. |
| Miscellaneous information |
I (245) .-II (253) .-III (256) .-IV (263) .- V (267). |
| 590 ## - LOCAL NOTE (RLIN) |
| Local note |
Inventariado 2023/VM |
| 650 #4 - SUBJECT ADDED ENTRY--TOPICAL TERM |
| Topical term or geographic name as entry element |
Español |
| General subdivision |
Versificación |
| 650 #4 - SUBJECT ADDED ENTRY--TOPICAL TERM |
| Topical term or geographic name as entry element |
Versificación |
| General subdivision |
Arte de Escribir |
| 910 ## - USER-OPTION DATA (OCLC) |
| User-option data |
VMateo V. control de calidad. BPMSU |
| 942 ## - ADDED ENTRY ELEMENTS (KOHA) |
| Source of classification or shelving scheme |
Dewey Decimal Classification |
| Koha item type |
Libros |